ბათუმის შოთა რუსთაველის სახელმწიფო უნივერსიტეტის ბიბლიოთეკა

პერსონალის მართვა : (ბიბ.ჩანაწერი № 34951)

000 -ლიდერი
ფიქსირებული სიგრძის საკონტროლო ველი 01029nam a2200241Ia 4500
001 - საკონტროლო ნომერი
საკონტროლო ველი 780
003 - საკონტროლო ნომრის იდენტიფიკატორი
საკონტროლო ველი GE_BSU
005 - ბოლო ოპერაციის თარიღი და დრო
საკონტროლო ველი 20241003161024.0
008 - ფიქსირებული სიგრძის მონაცემთა ელემენტები - ზოგადი ინფორმაცია
ფიქსირებული სიგრძის საკონტროლო ველი 181216s2005||||ge |||||||||||||| ||geo||
020 ## - წიგნის საერთაშორისო სტანდარტული ნომერი
International Standard Book Number 9994002775
040 ## - კატალოგიზაციის წყარო
Transcribing agency GE_BSU
041 ## - ენის კოდი
Language code of text/sound track or separate title geo
080 ## - უნივერსალური ათობითი კლასიფიკაციის ინდექსი
Universal Decimal Classification number 005.35/96(075.8) პ-28
245 ## - ცნობა სათაურის შესახებ
Title პერსონალის მართვა :
Remainder of title მეთოდურ-პრაქტიკული სახელმძღვანელო /
Statement of responsibility, etc [ავტ. კოლ.: ვაჟა გურგენიძე (ხელმძღვ.) და სხვ.].
264 ## - წარმოების, გამოცემის, დისტრიბუციის და სხვა ცნობები
გამოცემის, წარმოების, დისტრიბუციის... ადგილი თბილისი,
გამოცემის, წარმოების, დისტრიბუციის... თარიღი 2005.
300 ## - ფიზიკური აღწერა
Extent 551 გვ.
Other physical details სქემ. ;
Dimensions 24 სმ.
653 ## - INDEX TERM--UNCONTROLLED
Uncontrolled term დროის მართვის პრინციპები
653 ## - INDEX TERM--UNCONTROLLED
Uncontrolled term პერსონალის ატესტირება
653 ## - INDEX TERM--UNCONTROLLED
Uncontrolled term პერსონალის მართვა;
700 ## - ADDED ENTRY--PERSONAL NAME
Personal name გურგენიძე, ვაჟა
Relator term ავტორი
9 (RLIN) 23311
942 ## - ADDED ENTRY ELEMENTS (KOHA)
Koha item type წიგნი
Source of classification or shelving scheme
ეგზემპლარები
ჩამოწერის სტატუსი დაკარგული ეგზემპლარის სტატუსი კლასიფიკაციის წყარო ან თაროზე გაწყობის სქემა დაზიანების სტატუსი არ გაიცემა მუდმივი მდებარეობა (დაცვის ადგილი) ამჟამინდელი ადგილსამყოფელი თაროზე განთავსების ადგილი შეძენის თარიღი ღირებულება, შესყიდვის ნორმალური ფასი სრული შენახვის შიფრი შტრიხკოდი ბოლო ოპერაციის თარიღი ეგზემპლარის მიმდევრობითი ნომერი (კეტერი?) ფასის ძალაში შესვლის თარიღი ეგზემპლარის სახეობა საჯარო შენიშვნა
          ბათუმის შოთა რუსთაველის სახელმწიფო უნივერსიტეტის მთავარი ბიბლიოთეკა ბათუმის შოთა რუსთაველის სახელმწიფო უნივერსიტეტის მთავარი ბიბლიოთეკა წიგნსაცავი 2018-12-17 25.00 005.35/96(075.8) პ-28 1071 2018-12-17 1071 2018-12-17 წიგნი 25 ლ.